000 004950000a22001810004500
003 MACL
005 20151003132355.0
008 151003b xxu||||| |||| 00| 0 eng d
040 _aMACL
_cMACL
041 _aEnglish
082 _a900/PAL
100 _aPalit, Chittabrata
_9480
245 _aBengal before and after the Partition 1947
_bChanging Profile of a Province
260 _bCropus Research Institute
_c2005
_aKolkata
350 _a200
650 _aHistory
_913432
942 _cBK
_k900
_2ddc
999 _c1795
_d1795